000 00471nam a22001697a 4500
003 OSt
005 20140310181749.0
008 130626t xxu||||| |||| 00| 0 eng d
020 _a9711110911
050 _aG 143
_b.Sa167 2002
082 _aFIL 363.7
_bSa3 2002
100 _aSalita, Domingo C.
245 _aEnvironmental geography /
_cDomingo C. Salita.
260 _aQuezon City, PH
_bJMC Press, Inc.
_c2002.
300 _a184 p.
_bill. ;
_c25 cm.
942 _2lcc
_cBK
_kFIL
999 _c3137
_d3137